000 00965nam a22002537a 4500
008 171123s2011 xxu||||| |||| 00| 0 eng d
020 _a9780982354445
082 0 4 _a709.81
_bN424j
100 1 _aNelson, Adele.
_96112
245 1 4 _aJac Leiner in conversation with Adele Nelson /
_cAdele Nelson y Robert Storr ; Fundación Cisneros.
246 2 1 _aJac Leiner en conversación con Adele Nelson.
250 _a1a edición.
260 _aNueva York, Estados Unidos :
_bFundación Cisneros ; Distributed Art Publishers (D.A.P),
_c2011.
300 _a200 páginas :
_bilustraciones en color.
505 0 _tBonos de viajero frecuente
_rRobert Storr.
_tJac Leirner en conversación con
_rAdele Nelson.
653 1 0 _aArte contemporáneo
653 1 0 _aArte latinoamericano
653 1 0 _aArte - Brasil
653 1 0 _aArte conceptual
653 1 0 _aArtistas visuales
653 1 0 _aInstalación
700 1 _aStorr, Robert.
_96113
710 1 _aFundación Cisneros.
_9762
999 _c1366
_d1366